All ATP Olympic Medalists since 1988 - Statistics

General Stats
  • This quiz has been taken 27 times
  • The average score is 19 of 32
Answer Stats
Year Country Medal Player % Correct
Argentina Bronze Juan Martín del Potro
100%
Argentina Silver Juan Martín del Potro
100%
Serbia Bronze Novak Djokovic
100%
2024 Serbia Gold Novak Djokovic
100%
1996 USA Gold Andre Agassi
95%
2012 United Kingdom Gold Andy Murray
95%
2016 United Kingdom Gold Andy Murray
95%
Spain Silver Carlos Alcaraz
95%
2008 Spain Gold Rafael Nadal
95%
2021 Germany Gold Alexander Zverev
90%
Switzerland Silver Roger Federer
90%
Japan Bronze Kei Nishikori
81%
Italy Bronze Lorenzo Musetti
76%
Russia Silver Karen Khachanov
71%
Spain Bronze Pablo Carreño Busta
71%
2000 Russia Gold Yevgeny Kafelnikov
57%
Chile Bronze Fernando González
52%
Chile Silver Fernando González
52%
Croatia Bronze Goran Ivanišević
48%
USA Silver Mardy Fish
43%
Spain Silver Sergi Bruguera
43%
Germany Silver Tommy Haas
43%
2004 Chile Gold Nicolás Massú
38%
Sweden Bronze Stefan Edberg
24%
India Bronze Leander Paes
19%
1992 Switzerland Gold Marc Rosset
14%
1988 Czechoslovakia Gold Miloslav Mečíř
14%
Russia Bronze Andrei Cherkasov
10%
France Bronze Arnaud di Pasquale
10%
USA Bronze Brad Gilbert
10%
Spain Silver Jordi Arrese
10%
USA Silver Tim Mayotte
10%
No matching quizzes found
Score Distribution
Percent of People with Each Score
Percentile by Number Answered
Your Score History
You have not taken this quiz